000 00996caa a22002417a 4500
999 _c410867
_d410867
001 123682
003 UA-OsUOA
005 20200117134535.0
007 ta
008 20170706b un ||||| |||| 00| 0 ukr d
040 _aUA-OsUOA
_bukr
_cUA-OsUOA
_dUA-OsUOA
041 _aukr
080 _a908
090 _a908
_bТ58
100 _aТопка Р. В.
245 _aЩо хвилювало волинське селянство під час першої російської революції? (досвід контент-аналізу наказів та вироків селян до І Державної Думи)
_cР. В. Топка
300 _aС. 43–46
650 7 _a908 Краєзнавство
_2UDC
773 0 _0321332
_9340998
_dОстрог Острозька академія 1999
_o87606
_tНаукові записки
_w(UA-OsUOA) 34905
_z966-7631-00-1
942 _cBKA
_2udc
955 _a1